[Event "Ct. Tarragona Veterans"]
[Site "Cambrils"]
[Date "2013.02.21"]
[Round "4"]
[White "Duran Vallverdu, J."]
[Black "Tuduri Jerez, M."]
[Result "1-0"]
[WhiteElo "2002"]
[BlackElo "1986"]
[PlyCount "85"]
[EventDate "2013.??.??"]
[EventType "swiss"]
[EventRounds "8"]

1. e4 e5 2. Nf3 Nc6 3. Bb5 a6 4. Ba4 Nf6 5. O-O d6 6. d4 exd4 7. Nxd4 Bd7 8.
Bxc6 bxc6 9. Bg5 Be7 10. Nc3 O-O 11. f4 c5 12. Nf3 h6 13. Bh4 Bc6 14. Qe1 Re8
15. Rd1 Qc8 16. e5 Bxf3 17. Rxf3 dxe5 18. fxe5 Nd7 19. Bxe7 Rxe7 20. Qg3 Nxe5
21. Re3 f6 22. Nd5 Re6 23. Nxf6+ Rxf6 24. Qxe5 Qb7 25. Rd7 Raf8 26. Rf3 Qc6 27.
Rxc7 Qb6 28. c4 Qe6 29. Qxe6+ Rxe6 30. Rxf8+ Kxf8 31. Rxc5 Re2 32. Ra5 Rxb2 33.
Rxa6 Rc2 34. Ra4 Ke7 35. h4 Kd6 36. h5 Kc5 37. Ra7 Kb4 38. Rxg7 Rxc4 39. Rg6
Ka3 40. Rxh6 Kxa2 41. Rg6 Rh4 42. h6 Kb3 43. Rg3+ 1-0

[Event "Ct. Tarragona Veterans"]
[Site "Cambrils"]
[Date "2013.02.21"]
[Round "4"]
[White "Figueras Perez, R."]
[Black "Ariste Justo, JA."]
[Result "1-0"]
[WhiteElo "1725"]
[BlackElo "1876"]
[PlyCount "71"]
[EventDate "2013.??.??"]
[EventType "swiss"]
[EventRounds "8"]

1. e4 c5 2. Nf3 e6 3. d4 cxd4 4. Nxd4 a6 5. c4 Qc7 6. Nc3 Nc6 7. Be3 Nf6 8. Be2
Bb4 9. f3 O-O 10. O-O Ne5 11. Qb3 Be7 12. Nd1 Ng6 13. Nf2 Bd6 14. Ng4 Nxg4 15.
fxg4 Bxh2+ 16. Kh1 Bd6 17. Nf3 Ne5 18. Bf4 Nxg4 19. Bxd6 Qxd6 20. Rad1 Qf4 21.
Rd3 Qxe4 22. Ng1 Qg6 23. Rg3 Qh6+ 24. Nh3 Ne5 25. Qc3 Ng6 26. Kg1 Qh4 27. Nf4
Qf6 28. Nxg6 Qxc3 29. Ne7+ Kh8 30. Rxc3 Re8 31. Nxc8 Raxc8 32. Rxf7 d5 33. Rxb7
dxc4 34. Bxc4 a5 35. b3 Ra8 36. Rf3 1-0

[Event "Ct. Tarragona Veterans"]
[Site "Cambrils"]
[Date "2013.02.21"]
[Round "4"]
[White "Margalef Guell, J."]
[Black "Regue Farran, E."]
[Result "0-1"]
[WhiteElo "1979"]
[BlackElo "2074"]
[PlyCount "76"]
[EventDate "2013.??.??"]
[EventType "swiss"]
[EventRounds "8"]

1. c4 c5 2. Nc3 Nc6 3. g3 g6 4. Bg2 Bg7 5. Nf3 Nf6 6. O-O d6 7. d3 O-O 8. Rb1
Bd7 9. a3 a5 10. h3 Qc8 11. Kh2 Ne5 12. Nxe5 dxe5 13. Bg5 e6 14. Qc1 Bc6 15.
Bh6 Bxg2 16. Bxg7 Kxg7 17. Kxg2 Qc6+ 18. f3 Nh5 19. Qe3 f6 20. b4 cxb4 21. axb4
a4 22. Ra1 a3 23. Nb5 Ra4 24. Rxa3 Rxb4 25. Qd2 Qc5 26. Ra2 Rd8 27. Rfa1 Rd7
28. Qc3 Rxb5 29. Ra5 Rxa5 30. Rxa5 Qe3 31. Ra2 e4 32. Qd2 exf3+ 33. exf3 Qe5
34. f4 Qd4 35. Rb2 e5 36. f5 e4 37. fxg6 hxg6 38. g4 e3 0-1

[Event "Ct. Tarragona Veterans"]
[Site "Cambrils"]
[Date "2013.02.21"]
[Round "4"]
[White "Pino Muñoz, F."]
[Black "Galera Vicente, R."]
[Result "1-0"]
[WhiteElo "1773"]
[BlackElo "1641"]
[PlyCount "137"]
[EventDate "2013.??.??"]
[EventType "swiss"]
[EventRounds "8"]

1. e4 c5 2. Nf3 d6 3. c3 Nf6 4. Be2 e6 5. O-O Be7 6. Re1 O-O 7. e5 dxe5 8. Nxe5
Nbd7 9. d4 cxd4 10. cxd4 Bb4 11. Nc3 Nxe5 12. dxe5 Nd5 13. Qb3 Bxc3 14. bxc3
Qb6 15. Ba3 Qxb3 16. axb3 Rd8 17. c4 Nf4 18. Bf3 Rd3 19. Red1 Rd7 20. Rxd7 Bxd7
21. Bxb7 Rb8 22. Be4 Rxb3 23. c5 Ne2+ 24. Kh1 Nd4 25. h3 Bc6 26. Rd1 Bxe4 27.
Rxd4 Bd5 28. Ra4 g6 29. Rxa7 Rxh3+ 30. Kg1 Rc3 31. Ra6 Kg7 32. Ra5 Rc2 33. Bb4
Rc1+ 34. Kh2 Rb1 35. Bd2 h6 36. Be3 Rb2 37. Ra4 Rc2 38. Rh4 g5 39. Rg4 Rc4 40.
Rg3 Rh4+ 41. Kg1 Re4 42. f4 f6 43. exf6+ Kxf6 44. fxg5+ Kg6 45. gxh6+ Kh7 46.
Rg7+ Kh8 47. Bf2 Rc4 48. Rc7 Rc1+ 49. Kh2 Rc4 50. Bg3 Re4 51. c6 Re2 52. Rc8+
Kh7 53. c7 Rxg2+ 54. Kh3 Rc2 55. Be5 Bg2+ 56. Kg3 Bd5 57. Rh8+ Kg6 58. c8=Q
Rxc8 59. Rxc8 Kxh6 60. Kf4 Kg6 61. Rc2 Bb3 62. Rg2+ Kh6 63. Rg3 Bc2 64. Bg7+
Kh7 65. Bf8 Kh8 66. Ke5 Bf5 67. Kf6 Kh7 68. Rg5 Kh8 69. Kf7 1-0

[Event "Ct. Tarragona Veterans"]
[Site "Cambrils"]
[Date "2013.02.21"]
[Round "4"]
[White "Recasens Font, JM."]
[Black "Ferrer Dalmau, JA."]
[Result "1-0"]
[WhiteElo "1949"]
[BlackElo "1788"]
[PlyCount "69"]
[EventDate "2013.??.??"]
[EventType "swiss"]
[EventRounds "8"]

1. Nf3 Nf6 2. c4 c5 3. Nc3 g6 4. g3 Bg7 5. Bg2 Nc6 6. O-O O-O 7. Rb1 e6 8. d4
cxd4 9. Nxd4 Nxd4 10. Qxd4 Nd5 11. Qd3 Nxc3 12. bxc3 Qc7 13. Ba3 Re8 14. Bd6
Qa5 15. Bxb7 Bxb7 16. Rxb7 Qxa2 17. Rfb1 Qa4 18. R1b3 Qc6 19. Rc7 Qa6 20. Qf3
Qxd6 21. Rbb7 Red8 22. c5 Qd1+ 23. Kg2 a5 24. c6 Qd5 25. e4 Qd6 26. Rxd7 Rxd7
27. Rxd7 Qf8 28. Qd3 Bf6 29. Qb5 a4 30. Rb7 a3 31. c7 a2 32. Rb8 a1=Q 33. Qb4
Be7 34. Qb7 Qxc3 35. Rxa8 1-0

[Event "Ct. Tarragona Veterans"]
[Site "Cambrils"]
[Date "2013.02.28"]
[Round "5"]
[White "Ariste Justo, JA."]
[Black "Serrano Navas, A."]
[Result "1-0"]
[WhiteElo "1876"]
[BlackElo "1494"]
[PlyCount "97"]
[EventDate "2013.??.??"]
[EventType "swiss"]
[EventRounds "8"]

1. d4 d5 2. c4 dxc4 3. Qa4+ Qd7 4. Qxc4 e6 5. Nf3 Bd6 6. e4 c6 7. Bd3 b5 8. Qc2
Bb7 9. O-O Na6 10. b3 Ne7 11. Be3 Ng6 12. b4 Bc7 13. Rd1 Bb6 14. Nbd2 Nc7 15.
Rac1 Rc8 16. Nb3 Na6 17. Nc5 Nxc5 18. dxc5 Bc7 19. Bxb5 Qe7 20. Bd3 a6 21. a4
O-O 22. Qe2 Ra8 23. Bc4 Rfd8 24. Bg5 Rxd1+ 25. Rxd1 Qe8 26. Rd2 h6 27. Be3 Nf4
28. Qd1 Ng6 29. h4 Rd8 30. h5 Rxd2 31. Nxd2 Nf4 32. Qg4 e5 33. g3 Bc8 34. Qd1
Ne6 35. Qe2 Nd4 36. Qd3 Qd7 37. Bxa6 Bxa6 38. Qxa6 Nc2 39. Qe2 Nxb4 40. Nc4 Qd3
41. Qxd3 Nxd3 42. Bd2 Nxc5 43. a5 Nxe4 44. Bb4 c5 45. a6 Bb8 46. Ba5 Nf6 47.
Nxe5 Nd5 48. Nc6 Bc7 49. a7 1-0

[Event "Ct. Tarragona Veterans"]
[Site "Cambrils"]
[Date "2013.02.28"]
[Round "5"]
[White "Canaldas Ferran, M."]
[Black "Garustowitz Ramirez, N."]
[Result "0-1"]
[WhiteElo "1770"]
[BlackElo "1824"]
[PlyCount "76"]
[EventDate "2013.??.??"]
[EventType "swiss"]
[EventRounds "8"]

1. d4 e6 2. Nf3 Nf6 3. e3 d6 4. c4 b6 5. Nc3 Bb7 6. Be2 Be7 7. Qc2 O-O 8. b4
Bc6 9. O-O Nbd7 10. b5 Bb7 11. a4 a5 12. bxa6 Rxa6 13. c5 Ra5 14. cxb6 cxb6 15.
Nb5 Qa8 16. Bd2 Rc8 17. Qb2 Rxa4 18. Rxa4 Qxa4 19. Bd3 Qa8 20. Ra1 Qb8 21. e4
Nxe4 22. Be3 d5 23. g3 g5 24. Ne5 Nxe5 25. dxe5 Nc5 26. Be2 Nd7 27. f4 gxf4 28.
Bxf4 Bc5+ 29. Kf1 Bc6 30. Na7 Rc7 31. Nxc6 Rxc6 32. Bb5 Rc7 33. Qe2 Nf8 34. Bh6
Ra7 35. Ra6 d4 36. Bf4 Qb7 37. Rxa7 Qh1+ 38. Kf2 d3+ 0-1

[Event "Ct. Tarragona Veterans"]
[Site "Cambrils"]
[Date "2013.02.28"]
[Round "5"]
[White "Ferre Basora, P."]
[Black "Pino Muñoz, F."]
[Result "1-0"]
[WhiteElo "1923"]
[BlackElo "1773"]
[PlyCount "111"]
[EventDate "2013.??.??"]
[EventType "swiss"]
[EventRounds "8"]

1. e4 e6 2. d4 d5 3. exd5 exd5 4. Nf3 Nf6 5. a3 Bg4 6. Be2 Bd6 7. O-O O-O 8.
Nc3 c6 9. h3 Bh5 10. Bg5 Nbd7 11. Re1 Qc7 12. Qd2 Rfe8 13. Be3 Ne4 14. Nxe4
dxe4 15. Nh4 Bxe2 16. Rxe2 Nf6 17. Nf5 Nd5 18. Nxd6 Qxd6 19. Bg5 Qg6 20. c4 Nc7
21. Rae1 f5 22. Bf4 Ne6 23. Be5 Rad8 24. Re3 Qh6 25. Qd1 Rd7 26. Qb3 b6 27. c5
bxc5 28. dxc5 Kh8 29. Bd6 Nd4 30. Qc4 Nb5 31. Rd1 Nxd6 32. cxd6 Rxd6 33. Rxd6
Qxd6 34. Qc2 Rd8 35. Rc3 Rc8 36. b4 a6 37. Qa4 h6 38. Qxa6 Rd8 39. Rxc6 Qd1+
40. Kh2 Kh7 41. Qc4 Qd2 42. Qc2 Qf4+ 43. g3 Qg5 44. h4 Qg4 45. b5 Rd1 46. Rc3
Re1 47. Re3 Rd1 48. b6 Rd7 49. a4 g5 50. Qc6 Rg7 51. b7 gxh4 52. b8=Q Qh5 53.
Kg2 hxg3 54. fxg3 Qg5 55. Qbb6 h5 56. Qf6 1-0

[Event "Ct. Tarragona Veterans"]
[Site "Cambrils"]
[Date "2013.02.28"]
[Round "5"]
[White "Ferrer Dalmau, JA."]
[Black "Aguilar Vallcorba, M."]
[Result "1-0"]
[WhiteElo "1788"]
[BlackElo "1665"]
[PlyCount "91"]
[EventDate "2013.??.??"]
[EventType "swiss"]
[EventRounds "8"]

1. d4 Nf6 2. c4 e6 3. Nc3 c6 4. Nf3 Bb4 5. Qc2 h6 6. a3 Be7 7. Bf4 d6 8. e3 Nh5
9. Bg3 Nd7 10. Bd3 Nxg3 11. hxg3 Nf8 12. e4 Bd7 13. d5 Rc8 14. Nd2 a6 15. f4
cxd5 16. exd5 b5 17. cxb5 Bxb5 18. Bxb5+ axb5 19. Qb3 Rb8 20. Nxb5 Qb6 21. a4
exd5 22. Qxd5 Rc8 23. Nc4 Rxc4 24. Qxc4 Ne6 25. Qc8+ Bd8 26. O-O-O Qe3+ 27. Kb1
Qe4+ 28. Qc2 Qxc2+ 29. Kxc2 O-O 30. Rxd6 Be7 31. Rd7 Rc8+ 32. Kb1 Bf6 33. Rc1
Rb8 34. Rc2 Nf8 35. Rdc7 Rd8 36. a5 Rd5 37. R7c5 Rd1+ 38. Ka2 Rd8 39. a6 Bd4
40. Nxd4 Rxd4 41. R2c4 Rd6 42. Rc6 Rd5 43. Ra4 Rd8 44. a7 Ra8 45. Rb6 Nd7 46.
Rb7 1-0

[Event "Ct. Tarragona Veterans"]
[Site "Cambrils"]
[Date "2013.02.28"]
[Round "5"]
[White "Margalef Guell, J."]
[Black "Costa Berengue, J."]
[Result "0-1"]
[WhiteElo "1979"]
[BlackElo "1862"]
[PlyCount "36"]
[EventDate "2013.??.??"]
[EventType "swiss"]
[EventRounds "8"]

1. e4 e5 2. Nf3 Nc6 3. Bb5 a6 4. Ba4 Nf6 5. Qe2 Be7 6. O-O d6 7. c3 b5 8. Bb3
Bg4 9. a4 b4 10. Qc4 Na5 11. Qxf7+ Kd7 12. Ng5 Nxb3 13. Qxb3 h6 14. f3 hxg5 15.
fxg4 Rxh2 16. Rxf6 Qh8 17. Qe6+ Kd8 18. Rf1 Qh4 0-1

[Event "Ct. Tarragona Veterans"]
[Site "Cambrils"]
[Date "2013.02.28"]
[Round "5"]
[White "Recasens Font, JM."]
[Black "Figueras Perez, R."]
[Result "1-0"]
[WhiteElo "1949"]
[BlackElo "1725"]
[PlyCount "69"]
[EventDate "2013.??.??"]
[EventType "swiss"]
[EventRounds "8"]

1. Nf3 Nf6 2. c4 g6 3. g3 Bg7 4. Bg2 O-O 5. d4 d6 6. Nc3 Nbd7 7. O-O c6 8. Bf4
Nh5 9. Bg5 f5 10. Qd2 Qe8 11. Rfe1 e5 12. d5 Nb6 13. b3 Rf7 14. Rac1 a6 15. a4
e4 16. Nd4 c5 17. Ne6 Bxe6 18. dxe6 Qxe6 19. a5 Nd7 20. f3 Ndf6 21. Rcd1 Raf8
22. Nd5 Nxd5 23. Qxd5 Qxd5 24. Rxd5 exf3 25. Bxf3 Nf6 26. Rd3 Ne4 27. Bxe4 fxe4
28. Rxd6 Bc3 29. Bd2 Bd4+ 30. e3 Be5 31. Rd5 Rf2 32. Rd1 Re2 33. Rxe5 Rff2 34.
Be1 Rxh2 35. Rxe4 1-0

[Event "Ct. Tarragona Veterans"]
[Site "Cambrils"]
[Date "2013.02.28"]
[Round "5"]
[White "Regue Farran, E."]
[Black "Duran Vallverdu, J."]
[Result "1/2-1/2"]
[WhiteElo "2074"]
[BlackElo "2002"]
[PlyCount "34"]
[EventDate "2013.??.??"]
[EventType "swiss"]
[EventRounds "8"]

1. e4 e5 2. Nf3 Nc6 3. Nc3 Nf6 4. d4 exd4 5. Nxd4 Be7 6. Be3 O-O 7. Be2 d6 8.
O-O Re8 9. f3 Ne5 10. Qd2 c6 11. Rad1 d5 12. exd5 Nxd5 13. Nxd5 Qxd5 14. b3 Bc5
15. c4 Qd8 16. b4 Be7 17. Qc3 Bf6 1/2-1/2

[Event "Ct. Tarragona Veterans"]
[Site "Cambrils"]
[Date "2013.03.07"]
[Round "6"]
[White "Duran Vallverdu, J."]
[Black "Recasens Font, JM."]
[Result "1-0"]
[WhiteElo "2002"]
[BlackElo "1949"]
[PlyCount "75"]
[EventDate "2013.??.??"]
[EventType "swiss"]
[EventRounds "8"]

1. e4 e6 2. d4 d5 3. exd5 exd5 4. Bd3 Bd6 5. Nf3 Bg4 6. O-O Ne7 7. Re1 Nd7 8.
c3 c6 9. Nbd2 Qc7 10. Nf1 Bh5 11. Bd2 O-O-O 12. c4 dxc4 13. Bxc4 Nf5 14. Ng3
Bxf3 15. Qxf3 Nxd4 16. Qe4 Bxg3 17. hxg3 Nc5 18. Qg4+ f5 19. Qh4 b5 20. Bf4 Qb6
21. Bf7 Nc2 22. Rec1 Nxa1 23. Be3 Qc7 24. Rxc5 Qxf7 25. Rxc6+ Kb7 26. Rc5 Rd1+
27. Kh2 Qd7 28. Qb4 a6 29. a4 Rd8 30. axb5 Rh1+ 31. Kxh1 Qd1+ 32. Kh2 Qh5+ 33.
Qh4 Qxh4+ 34. gxh4 axb5 35. Rxb5+ Kc6 36. Rxf5 Rd7 37. Ra5 Nc2 38. Rc5+ 1-0

[Event "Ct. Tarragona Veterans"]
[Site "Cambrils"]
[Date "2013.03.07"]
[Round "6"]
[White "Ferrer Dalmau, JA."]
[Black "Ariste Justo, JA."]
[Result "1-0"]
[WhiteElo "1788"]
[BlackElo "1876"]
[PlyCount "57"]
[EventDate "2013.??.??"]
[EventType "swiss"]
[EventRounds "8"]

1. d4 d5 2. c4 c6 3. Nc3 Nf6 4. cxd5 cxd5 5. Bf4 Nc6 6. a3 Bf5 7. e3 e6 8. Na4
Rc8 9. Rc1 a6 10. Nc3 Be7 11. h3 h6 12. Nf3 Qb6 13. Na4 Qa7 14. Ne5 O-O 15. b4
Nxe5 16. Bxe5 a5 17. Nc5 b6 18. Na6 axb4 19. axb4 Qb7 20. Be2 Rxc1 21. Qxc1 Rc8
22. Qa1 Rc2 23. Bd1 Rc4 24. Be2 Bxb4+ 25. Nxb4 Rxb4 26. O-O Ne4 27. Rc1 Nf6 28.
Rc7 Qxc7 29. Qa8+ 1-0

[Event "Ct. Tarragona Veterans"]
[Site "Cambrils"]
[Date "2013.03.07"]
[Round "6"]
[White "Figueras Perez, R."]
[Black "Margalef Guell, J."]
[Result "0-1"]
[WhiteElo "1725"]
[BlackElo "1979"]
[PlyCount "78"]
[EventDate "2013.??.??"]
[EventType "swiss"]
[EventRounds "8"]

1. e4 c5 2. Nf3 Nc6 3. d4 cxd4 4. Nxd4 g6 5. Nc3 Bg7 6. Be3 Nf6 7. Be2 O-O 8.
Qd2 d6 9. O-O Bd7 10. h3 a6 11. f4 Rc8 12. Nf3 Be6 13. Nd4 Na5 14. Nxe6 fxe6
15. Bf3 Nc4 16. Qc1 Qa5 17. Nd1 Nxe3 18. Nxe3 Qc5 19. Rf2 Nd7 20. Bg4 Rf6 21.
c3 Nf8 22. g3 b5 23. Nc2 h5 24. Bf3 e5 25. Qe3 exf4 26. Qxc5 Rxc5 27. gxf4 Rxf4
28. Nd4 Rg5+ 29. Rg2 Rxg2+ 30. Kxg2 Bxd4 31. cxd4 Ne6 32. Rd1 Ng5 33. Rf1 Rxf3
34. Rxf3 Nxf3 35. Kxf3 g5 36. b4 Kf7 37. Kg3 Ke6 38. Kf3 d5 39. e5 Kf5 0-1

[Event "Ct. Tarragona Veterans"]
[Site "Cambrils"]
[Date "2013.03.07"]
[Round "6"]
[White "Garustowitz Ramirez, N."]
[Black "Ferre Basora, P."]
[Result "0-1"]
[WhiteElo "1824"]
[BlackElo "1923"]
[PlyCount "74"]
[EventDate "2013.??.??"]
[EventType "swiss"]
[EventRounds "8"]

1. e4 c5 2. Nf3 d6 3. Nc3 Nc6 4. d3 Nf6 5. h3 g6 6. Ne2 Bg7 7. c3 O-O 8. Ng3 e5
9. Be2 h6 10. O-O Be6 11. Be3 d5 12. Bxc5 Re8 13. Qc2 Rc8 14. Be3 d4 15. Bd2
dxc3 16. Bxc3 Nd4 17. Qd1 Nxf3+ 18. Bxf3 Nh7 19. Re1 Qd7 20. Kh2 Rcd8 21. Be2
h5 22. Qd2 Qe7 23. b3 h4 24. Nh1 Ng5 25. f3 Qf6 26. Nf2 Bh6 27. Qb2 Qf4+ 28.
Kh1 Qg3 29. Ng4 Bxg4 30. fxg4 Nxh3 31. Bd2 Nf4 32. Bf1 Rxd3 33. Re2 h3 34. Bxf4
Bxf4 35. gxh3 Red8 36. Rae1 Rd2 37. Qa3 Rxe2 0-1

[Event "Ct. Tarragona Veterans"]
[Site "Cambrils"]
[Date "2013.03.07"]
[Round "6"]
[White "Pino Muñoz, F."]
[Black "Mane Casas, J."]
[Result "0-1"]
[WhiteElo "1773"]
[BlackElo "1749"]
[PlyCount "96"]
[EventDate "2013.??.??"]
[EventType "swiss"]
[EventRounds "8"]

1. e4 c5 2. Nf3 Nc6 3. c3 d6 4. d4 Bg4 5. Be2 Nf6 6. O-O g6 7. h3 Bxf3 8. Bxf3
cxd4 9. cxd4 Bg7 10. Nc3 O-O 11. Be3 Qa5 12. a3 a6 13. b4 Qd8 14. Rc1 Rc8 15.
Qb3 Nb8 16. e5 dxe5 17. dxe5 Ne8 18. Bxb7 Bxe5 19. Bxc8 Qxc8 20. Nd5 Qe6 21.
Bg5 Nf6 22. Bxf6 exf6 23. Qf3 Kg7 24. Rfe1 Rd8 25. Ne3 Rd3 26. Qb7 Qd6 27. Ng4
h5 28. Nxe5 fxe5 29. Rc7 Nd7 30. Rc6 Qd4 31. Qxa6 Nb8 32. Qb5 Nxc6 33. Qxc6
Rxa3 34. Re4 Qd1+ 35. Kh2 Ra1 36. Qc3 f6 37. Rc4 Qg1+ 38. Kg3 Ra2 39. Qe3 g5
40. Rc7+ Kh6 41. h4 Ra6 42. hxg5+ fxg5 43. Qe4 Ra3+ 44. f3 h4+ 45. Kg4 Qxg2+
46. Kf5 Rxf3+ 47. Ke6 Rf6+ 48. Kxe5 Re6+ 0-1

[Event "Ct. Tarragona Veterans"]
[Site "Cambrils"]
[Date "2013.03.14"]
[Round "7"]
[White "Costa Berengue, J."]
[Black "Ferrer Dalmau, JA."]
[Result "1-0"]
[WhiteElo "1862"]
[BlackElo "1788"]
[PlyCount "76"]
[EventDate "2013.??.??"]
[EventType "swiss"]
[EventRounds "8"]

1. e4 c5 2. Nf3 d6 3. d4 cxd4 4. Nxd4 Nf6 5. Nc3 a6 6. Be2 b5 7. Bf3 e5 8. Nb3
Bb7 9. Qe2 Nc6 10. Bg5 Be7 11. Nd5 Nxd5 12. exd5 Nb4 13. Bxe7 Qxe7 14. Rd1 Qc7
15. c3 Nxa2 16. O-O O-O 17. Ra1 Nxc3 18. bxc3 Qxc3 19. Na5 Qc7 20. Rfc1 Qd7 21.
Nxb7 Qxb7 22. Rc6 Rfd8 23. Rac1 Rac8 24. Qc2 Rxc6 25. dxc6 Qc7 26. Bg4 b4 27.
Bd7 a5 28. Qc4 Kf8 29. f4 exf4 30. Re1 Rb8 31. Qe4 g6 32. Qxf4 b3 33. Qf6 Kg8
34. Re7 Rf8 35. Be6 Qxe7 36. Qxe7 a4 37. Bxb3 axb3 38. Qxf8+ Kxf8 1-0

[Event "Ct. Tarragona Veterans"]
[Site "Cambrils"]
[Date "2013.03.14"]
[Round "7"]
[White "Garustowitz Ramirez, N."]
[Black "Figueras Perez, R."]
[Result "1/2-1/2"]
[WhiteElo "1824"]
[BlackElo "1725"]
[PlyCount "67"]
[EventDate "2013.??.??"]
[EventType "swiss"]
[EventRounds "8"]

1. e4 Nf6 2. Nc3 e5 3. d3 d6 4. h3 Be7 5. Be2 Nc6 6. Nf3 h6 7. Be3 Be6 8. a3
Qd7 9. Qd2 a6 10. d4 exd4 11. Nxd4 Nxd4 12. Bxd4 O-O-O 13. f4 Qc6 14. Bf3 d5
15. Bxf6 Bxf6 16. e5 Bh4+ 17. Kd1 f6 18. Bg4 fxe5 19. fxe5 Bxg4+ 20. hxg4 Bg5
21. Qd3 Kb8 22. Rf1 Qe6 23. Qf5 Rhe8 24. Re1 Re7 25. g3 Rde8 26. a4 Qd6 27. e6
Rxe6 28. Rxe6 Rxe6 29. Ra3 Qe7 30. Qf1 d4 31. Ne2 Re3 32. Rb3 Rxb3 33. cxb3 Qe3
34. Qf8+ 1/2-1/2

[Event "Ct. Tarragona Veterans"]
[Site "Cambrils"]
[Date "2013.03.14"]
[Round "7"]
[White "Mane Casas, J."]
[Black "Nieves Fernandez, C."]
[Result "0-1"]
[WhiteElo "1749"]
[BlackElo "1688"]
[PlyCount "76"]
[EventDate "2013.??.??"]
[EventType "swiss"]
[EventRounds "8"]

1. d4 d5 2. Nf3 Nf6 3. Nbd2 e6 4. a3 c5 5. c3 a6 6. Ne5 Nbd7 7. Nxd7 Qxd7 8.
Nf3 Bd6 9. h3 h6 10. Be3 c4 11. Qc1 Qc7 12. Rb1 b5 13. Ra1 Bd7 14. g3 O-O 15.
Rg1 Nh7 16. Bf4 Bxf4 17. gxf4 f6 18. Bg2 Kh8 19. Nh4 Be8 20. Nf3 Rg8 21. e3 g5
22. fxg5 Nxg5 23. Nxg5 Rxg5 24. f4 Rg3 25. Kd2 Bh5 26. Qe1 Rag8 27. Bh1 Rxg1
28. Qxg1 Rxg1 29. Rxg1 f5 30. Rg3 Qe7 31. Ke1 Qh4 32. Kf2 Kh7 33. Bg2 Bf7 34.
Bf3 Qd8 35. Rg2 Qh4+ 36. Rg3 Bh5 37. Bg2 Bd1 38. Bf1 Qd8 0-1

[Event "Ct. Tarragona Veterans"]
[Site "Cambrils"]
[Date "2013.03.14"]
[Round "7"]
[White "Margalef Guell, J."]
[Black "Duran Vallverdu, J."]
[Result "0-1"]
[WhiteElo "1979"]
[BlackElo "2002"]
[PlyCount "84"]
[EventDate "2013.??.??"]
[EventType "swiss"]
[EventRounds "8"]

1. d4 Nf6 2. c4 g6 3. Nc3 Bg7 4. e4 d6 5. f4 c5 6. d5 O-O 7. Nf3 e6 8. Be2 exd5
9. cxd5 Re8 10. e5 dxe5 11. fxe5 Ng4 12. e6 fxe6 13. d6 Nc6 14. O-O Nd4 15. Kh1
Qxd6 16. h3 Nf6 17. Nb5 Nxb5 18. Bxb5 Qxd1 19. Rxd1 Rf8 20. Be3 Nd5 21. Bxc5
Bxb2 22. Bxf8 Bxa1 23. Bc5 Bf6 24. Bc4 b6 25. Bg1 Bb7 26. Re1 Kf7 27. Bh2 Rc8
28. Bb3 Rc3 29. Bb8 a5 30. Kg1 b5 31. Be5 Bxe5 32. Nxe5+ Ke7 33. Rf1 Nf6 34.
Bd1 Re3 35. Nf3 Bxf3 36. Bxf3 Ne4 37. Rc1 Nc3 38. Rc2 b4 39. Kf2 Rd3 40. Be2
Nxe2 41. Kxe2 Rc3 42. Rd2 a4 0-1

[Event "Ct. Tarragona Veterans"]
[Site "Cambrils"]
[Date "2013.03.14"]
[Round "7"]
[White "Regue Farran, E."]
[Black "Ferre Basora, P."]
[Result "1-0"]
[WhiteElo "2074"]
[BlackElo "1923"]
[PlyCount "93"]
[EventDate "2013.??.??"]
[EventType "swiss"]
[EventRounds "8"]

1. e4 c5 2. Nf3 d6 3. d4 cxd4 4. Nxd4 Nc6 5. Bb5 Bd7 6. Nc3 Nf6 7. Be3 g6 8.
O-O Bg7 9. f3 O-O 10. Qd2 a6 11. Be2 Rc8 12. Rad1 Qc7 13. g4 Ne5 14. g5 Ne8 15.
Nd5 Qd8 16. Nb3 Be6 17. Bb6 Qd7 18. c3 Bxd5 19. Qxd5 Qc6 20. Qxc6 Rxc6 21. Bd8
Kh8 22. Nd4 Rc8 23. Bxe7 Rg8 24. f4 Rc7 25. Bd8 Rd7 26. Bb6 Nc6 27. Nxc6 bxc6
28. Bxa6 Re7 29. Rfe1 h6 30. h4 Kh7 31. Kf2 Bf8 32. Rd2 Nc7 33. Bc4 Rd7 34. Be3
Ne6 35. f5 Nc7 36. Kf3 h5 37. f6 d5 38. exd5 cxd5 39. Red1 Bd6 40. Bxd5 Be5 41.
Bc6 Rxd2 42. Rxd2 Ne6 43. Rd7 Rf8 44. Bd5 Kg8 45. Bxe6 fxe6 46. Rg7+ Kh8 47.
Rxg6 1-0

[Event "Ct. Tarragona Veterans"]
[Site "Cambrils"]
[Date "2013.03.14"]
[Round "7"]
[White "Tuduri Jerez, M."]
[Black "Recasens Font, JM."]
[Result "1-0"]
[WhiteElo "1986"]
[BlackElo "1949"]
[PlyCount "82"]
[EventDate "2013.??.??"]
[EventType "swiss"]
[EventRounds "8"]

1. Nf3 d5 2. d4 c6 3. Bf4 Bf5 4. e3 Nf6 5. Nbd2 e6 6. Be2 Bd6 7. Bxd6 Qxd6 8.
c3 Nbd7 9. Nh4 Bg6 10. Nxg6 hxg6 11. h3 g5 12. Qc2 g4 13. O-O-O gxh3 14. g4 Nb6
15. g5 Nfd7 16. f4 O-O-O 17. Rh2 f6 18. gxf6 gxf6 19. Rdh1 e5 20. fxe5 fxe5 21.
dxe5 Qxe5 22. Rxh3 Rxh3 23. Rxh3 Rg8 24. Qd3 Kb8 25. Kc2 a6 26. Rh5 Qe6 27. b4
d4 28. Qxd4 Qxa2+ 29. Kd3 Qe6 30. Qf4+ Ka7 31. Qe4 Qd6+ 32. Kc2 Nd5 33. Nc4 Qf8
34. Qf5 Qg7 35. Qd3 Re8 36. Rh7 Qxc3+ 37. Qxc3 Nxc3 38. Kxc3 Nf6 39. Rf7 Nd5+
40. Kd4 Nxb4 41. Rxb7+ Ka8 1-0

[Event "Ct. Tarragona indiv. Absolut"]
[Site "L'Hospitalet de l'Infant"]
[Date "2013.10.06"]
[Round "1"]
[White "Alasa Maduell, JM."]
[Black "Benet Morant, D."]
[Result "0-1"]
[WhiteElo "1770"]
[BlackElo "2037"]
[PlyCount "50"]
[EventDate "2013.??.??"]
[EventType "swiss"]
[EventRounds "9"]

1. e4 c5 2. Nf3 e6 3. d4 cxd4 4. Nxd4 Nc6 5. Be2 Qc7 6. Be3 Nf6 7. Nc3 a6 8.
O-O Bb4 9. Qd3 Bxc3 10. bxc3 Ne5 11. Bf4 d6 12. Qg3 O-O 13. Bh6 Ng6 14. Qf3 b6
15. c4 Bb7 16. Bd3 Rac8 17. Bg5 Nd7 18. h4 h6 19. Bd2 Nde5 20. Qg3 Nxc4 21.
Bxh6 d5 22. Nxe6 Qxg3 23. fxg3 fxe6 24. exd5 gxh6 25. Bxg6 Bxd5 0-1

[Event "Ct. Tarragona indiv. Absolut"]
[Site "L'Hospitalet de l'Infant"]
[Date "2013.10.06"]
[Round "1"]
[White "Benaiges Fontanet, G."]
[Black "Quinza Garcia, A."]
[Result "1-0"]
[WhiteElo "2053"]
[BlackElo "1770"]
[PlyCount "82"]
[EventDate "2013.??.??"]
[EventType "swiss"]
[EventRounds "9"]

1. d4 Nf6 2. c4 g6 3. Nc3 Bg7 4. e4 d6 5. f3 O-O 6. Be3 h6 7. Qd2 Kh7 8. Nge2
Nbd7 9. O-O-O c6 10. e5 Ng8 11. f4 Nb6 12. Ng3 dxe5 13. dxe5 Bg4 14. Qxd8 Raxd8
15. Rxd8 Rxd8 16. Nge4 Na8 17. h3 Bf5 18. g4 Bxe4 19. Nxe4 b6 20. Kc2 Nc7 21.
Bg2 c5 22. Rd1 Rxd1 23. Kxd1 f6 24. exf6 Nxf6 25. f5 gxf5 26. gxf5 Nxe4 27.
Bxe4 Bf6 28. Bf4 Ne8 29. Bb8 Nd6 30. Bd3 a6 31. b3 h5 32. Bc7 Nc8 33. Be4 b5
34. Bb7 Nd6 35. Bxa6 b4 36. Bb6 Bd4 37. Ke2 Nxf5 38. Kd3 Nd6 39. Ba5 Bc3 40. a3
e5 41. axb4 e4+ 1-0

[Event "Ct. Tarragona indiv. Absolut"]
[Site "L'Hospitalet de l'Infant"]
[Date "2013.10.06"]
[Round "1"]
[White "Esplugas Esteve, V."]
[Black "Beltran Reverter, JM."]
[Result "1-0"]
[WhiteElo "2231"]
[BlackElo "1825"]
[PlyCount "46"]
[EventDate "2013.??.??"]
[EventType "swiss"]
[EventRounds "9"]

1. d4 Nf6 2. c4 g6 3. Nc3 Bg7 4. e4 d6 5. f4 c5 6. d5 O-O 7. Nf3 e6 8. dxe6
Bxe6 9. Bd3 Nc6 10. O-O Re8 11. f5 Bc8 12. Bf4 Nh5 13. Bg5 f6 14. Bc1 Bh8 15.
Nh4 Ne5 16. fxg6 hxg6 17. Nxg6 Bg4 18. Be2 Bxe2 19. Qxe2 Nxg6 20. Qxh5 Kf7 21.
Nd5 Bg7 22. Nf4 Re6 23. Qxg6+ Kg8 1-0